[Event "World Rapid 2015"]
[Site "Berlin GER"]
[Date "2015.10.12"]
[Round "13.73"]
[White "Thornton, Giovanni Antonio"]
[Black "Abel, Dennes"]
[Result "0-1"]
[WhiteElo "2207"]
[BlackElo "2441"]
[PlyCount "144"]
[EventDate "2015.10.10"]
[EventType "rapid"]

1. c4 c6 2. Nc3 d5 3. e3 Nf6 4. Nf3 e6 5. b3 Nbd7 6. Bb2 Bd6 7. d4 O-O 8. Bd3
Qe7 9. O-O b6 10. e4 dxc4 11. Bxc4 e5 12. d5 c5 13. Nd2 a6 14. a4 g6 15. Re1
Nh5 16. Bf1 Rb8 17. Nc4 Ng7 18. Bc1 f6 19. Bh6 Rd8 20. g3 Nf8 21. Bg2 g5 22.
Qe2 Ng6 23. Bxg7 Kxg7 24. Ne3 Qf7 25. Qh5 Ne7 26. Qxf7+ Kxf7 27. Bf3 Kg6 28.
Kg2 h5 29. h3 Bd7 30. Be2 Bc8 31. Bd3 Bb7 32. Nc4 Bc7 33. Red1 Nc8 34. Rac1 Nd6
35. Ne3 Kf7 36. Ne2 Rd7 37. f3 Bd8 38. Nc3 Be7 39. Na2 Rc8 40. Rc2 Rdc7 41.
Rdc1 Bd8 42. b4 Ke7 43. b5 axb5 44. Bxb5 Ra8 45. Nc3 Rcc8 46. Nc4 Bc7 47. Nd1
Nxb5 48. axb5 Ra4 49. d6+ Bxd6 50. Nxb6 Rca8 51. Nxa8 Bxa8 52. Ne3 g4 53. Rc4
Ra3 54. R1c3 Ra2+ 55. Rc2 Ra3 56. R4c3 Ra4 57. hxg4 hxg4 58. Rc4 Ra3 59. Nxg4
f5 60. Nf2 Rb3 61. Ra2 Bb7 62. Ra7 Rxb5 63. exf5 Rb2 64. Ra3 Bd5 65. Rc1 c4 66.
Rd1 Bxa3 67. Rxd5 c3 68. Rxe5+ Kd6 69. Re1 Bc5 70. Kh3 Bxf2 71. Rc1 c2 72. g4
Be3 0-1

[Event "World Rapid 2015"]
[Site "Berlin GER"]
[Date "2015.10.12"]
[Round "13.74"]
[White "Polzin, Rainer"]
[Black "Camacho Collados, Jose"]
[Result "1-0"]
[WhiteElo "2416"]
[BlackElo "2383"]
[PlyCount "135"]
[EventDate "2015.10.10"]
[EventType "rapid"]

1. e4 c5 2. Nf3 Nc6 3. d4 cxd4 4. Nxd4 Nf6 5. Nc3 e6 6. Ndb5 Bc5 7. Nd6+ Ke7 8.
Nxc8+ Rxc8 9. Bd3 Qc7 10. O-O a6 11. Bg5 Ne5 12. Kh1 h5 13. f4 Nxd3 14. cxd3
Kf8 15. Bxf6 gxf6 16. d4 Bb4 17. Rc1 h4 18. Ne2 Qd8 19. Qb3 Be7 20. Qxb7 Rb8
21. Qxa6 h3 22. Rc2 Kg7 23. Qd3 hxg2+ 24. Kxg2 Qa5 25. b3 Qh5 26. Qg3+ Kf8 27.
Kh1 f5 28. e5 Rg8 29. Qf3 Rg4 30. Rg1 Kg7 31. Ng3 Qg6 32. Rcg2 Rh8 33. Ne2 Rhh4
34. h3 Kh6 35. Rxg4 fxg4 36. Rxg4 Qb1+ 37. Kg2 Qxa2 38. Rxh4+ Bxh4 39. Qd3 Qa8+
40. Qf3 Qa2 41. d5 exd5 42. f5 Qc2 43. Qg4 Qe4+ 44. Qxe4 dxe4 45. Nc3 Kg5 46.
Nxe4+ Kxf5 47. Nd6+ Ke6 48. Nc4 f6 49. exf6 d5 50. Nb2 Bxf6 51. Nd3 d4 52. Kf3
Kd5 53. Kf4 Be7 54. Kf5 Bd8 55. Nf4+ Kd6 56. Ke4 Bg5 57. Ne2 Kc5 58. Nxd4 Kb4
59. Nf3 Bf6 60. Kf5 Be7 61. Ng5 Kxb3 62. h4 Kc4 63. h5 Bf8 64. Ne6 Ba3 65. h6
Kd5 66. Ng7 Bf8 67. Kg6 Ke5 68. h7 1-0

[Event "World Rapid 2015"]
[Site "Berlin GER"]
[Date "2015.10.12"]
[Round "13.75"]
[White "Sanal, Vahap"]
[Black "Cordeiro, Marco Aurelio Zaror"]
[Result "1-0"]
[WhiteElo "2501"]
[BlackElo "2228"]
[PlyCount "75"]
[EventDate "2015.10.10"]
[EventType "rapid"]

1. e4 Nf6 2. e5 Nd5 3. d4 d6 4. c4 Nb6 5. exd6 exd6 6. Nc3 Bf5 7. Nf3 Be7 8.
Be2 O-O 9. O-O Bf6 10. Be3 Nc6 11. d5 Ne5 12. Nd4 Bg6 13. b3 c5 14. dxc6 Nxc6
15. Rc1 d5 16. cxd5 Nxd5 17. Nxd5 Qxd5 18. Bf3 Be4 19. Bxe4 Qxe4 20. Nxc6 bxc6
21. Qc2 Qg4 22. Qc4 Qh5 23. Qc5 Qe2 24. Rc2 Qd3 25. Qxc6 a5 26. Rd2 Qf5 27.
Rfd1 Rfc8 28. Qa4 h6 29. h3 Bc3 30. Rd7 Bb4 31. a3 Bf8 32. R1d5 Qb1+ 33. Kh2
Ra6 34. Rxf7 Kxf7 35. Qd7+ Kg6 36. Qxc8 Bd6+ 37. g3 Qf1 38. Qf5# 1-0

[Event "World Rapid 2015"]
[Site "Berlin GER"]
[Date "2015.10.12"]
[Round "13.76"]
[White "Richter, Michael"]
[Black "Thiede, Lars"]
[Result "1/2-1/2"]
[WhiteElo "2517"]
[BlackElo "2437"]
[PlyCount "138"]
[EventDate "2015.10.10"]
[EventType "rapid"]

1. d4 g6 2. c4 Bg7 3. Nc3 Nf6 4. e4 d6 5. f3 O-O 6. Be3 c6 7. Bd3 Nbd7 8. Rc1
a6 9. Nge2 b5 10. O-O Bb7 11. Qd2 bxc4 12. Bxc4 d5 13. Bb3 dxe4 14. fxe4 Ng4
15. e5 Nxe3 16. Qxe3 e6 17. Ne4 c5 18. Nxc5 Nxc5 19. dxc5 Bc6 20. Rfd1 Qh4 21.
Nf4 Qg5 22. Re1 Rfd8 23. Kh1 Rab8 24. Qg3 Qxg3 25. hxg3 a5 26. Re2 Rb4 27. Bc4
Rd4 28. b3 Rb8 29. a4 Bh6 30. Bb5 Bxb5 31. axb5 Rxb5 32. c6 Rb8 33. Ra2 Rdb4
34. Rxa5 Rxb3 35. Ra7 Rc8 36. Kh2 Bg7 37. Rd7 Bxe5 38. c7 Bf6 39. Rcd1 Kf8 40.
Rd8+ Bxd8 41. Rxd8+ Ke7 42. Rxc8 Rc3 43. g4 h6 44. g3 Rc2+ 45. Kh3 Rc3 46. Rh8
Rxc7 47. Rxh6 Rc1 48. Kg2 Kf6 49. Rh7 Rc2+ 50. Kf3 Rc3+ 51. Kf2 Rc2+ 52. Ne2 g5
53. Rh6+ Ke5 54. Rh1 Ra2 55. Rb1 Ra4 56. Rb5+ Kf6 57. Kf3 Ra3+ 58. Kg2 Ra2 59.
Kf2 Ra4 60. Nc3 Rc4 61. Nd1 Rxg4 62. Ne3 Ra4 63. Kf3 Kg6 64. Rb6 Ra3 65. g4 Ra4
66. Rb8 Rf4+ 67. Kg3 Re4 68. Kf3 Rf4+ 69. Kg3 Re4 1/2-1/2

[Event "World Rapid 2015"]
[Site "Berlin GER"]
[Date "2015.10.12"]
[Round "13.77"]
[White "Osmanodja, Filiz"]
[Black "Carstensen, Jacob"]
[Result "0-1"]
[WhiteElo "2291"]
[BlackElo "2352"]
[PlyCount "128"]
[EventDate "2015.10.10"]
[EventType "rapid"]

1. e4 c5 2. Nf3 d6 3. d4 Nf6 4. Nc3 cxd4 5. Nxd4 a6 6. Be3 e5 7. Nf3 Be7 8. Bc4
O-O 9. O-O Nc6 10. Qe2 Na5 11. Bd5 Qc7 12. Rfd1 Rb8 13. Bg5 b5 14. Bxf6 Bxf6
15. Bb3 Be6 16. Nd5 Bxd5 17. Bxd5 g6 18. c3 Kg7 19. h4 h5 20. Ng5 Bxg5 21. hxg5
Qe7 22. Rd3 Qxg5 23. Rg3 Qf4 24. a4 Nc4 25. a5 Rbc8 26. b3 Na3 27. Rf3 Qg5 28.
Bb7 Rc7 29. Bxa6 b4 30. Qb2 Ra8 31. Bf1 Rxa5 32. cxb4 Rc2 33. Qxc2 Nxc2 34.
Rxa5 Nd4 35. Re3 Nc2 36. Rf3 Nd4 37. Re3 Nc2 38. Rd3 Qc1 39. Rxd6 Nd4 40. Ra2
Qb1 41. Rda6 Qxb3 42. R6a4 h4 43. Kh2 Qb1 44. Bc4 Qxe4 45. b5 Qf4+ 46. Kh1 h3
47. gxh3 Qf3+ 48. Kh2 Qe4 49. Be2 Qf4+ 50. Kg2 Qg5+ 51. Kf1 Qf5 52. Bg4 Qb1+
53. Kg2 Qxb5 54. Ra5 Qb7+ 55. Kg3 Qb3+ 56. Kg2 f5 57. Ra7+ Kh6 58. Bf3 e4 59.
Bg4 fxg4 60. R7a3 gxh3+ 61. Kh2 Nf3+ 62. Kxh3 Qe6+ 63. Kg2 Qg4+ 64. Kf1 Qg1+
0-1

[Event "World Rapid 2015"]
[Site "Berlin GER"]
[Date "2015.10.12"]
[Round "13.78"]
[White "Valdes Romero, Leonardo"]
[Black "Hilverda, Alexander"]
[Result "1-0"]
[WhiteElo "2362"]
[BlackElo "2384"]
[PlyCount "93"]
[EventDate "2015.10.10"]
[EventType "rapid"]

1. Nf3 d5 2. g3 Nf6 3. Bg2 c6 4. c4 Bg4 5. Ne5 Be6 6. cxd5 Bxd5 7. Nf3 c5 8.
Nc3 Bc6 9. O-O e6 10. Re1 Be7 11. e4 O-O 12. d4 Qb6 13. d5 Rd8 14. Qc2 Bd7 15.
d6 Bf8 16. e5 Ne8 17. Ng5 g6 18. Qe4 Bc6 19. Qh4 h6 20. Nge4 g5 21. Qh5 Bg7 22.
f4 gxf4 23. gxf4 Nd7 24. Qh3 f5 25. Ng3 Bxg2 26. Qxg2 Nf8 27. Nh5 Rd7 28. Re3
c4 29. Kf1 Nh7 30. Rg3 Rad8 31. Be3 Qa6 32. Ke2 b5 33. Rg1 Qb7 34. a3 Kh8 35.
Qxb7 Rxb7 36. Nxg7 Nxg7 37. Rg6 a5 38. Rxh6 Re8 39. Rg3 Kg8 40. Kd2 Nf8 41. Rg1
b4 42. axb4 Rxb4 43. Kc2 Reb8 44. Bc1 R8b7 45. Ne2 a4 46. Nd4 Kf7 47. Nc6 1-0

[Event "World Rapid 2015"]
[Site "Berlin GER"]
[Date "2015.10.12"]
[Round "13.79"]
[White "Zepeda, Lorena"]
[Black "Lagunow, Raphael"]
[Result "0-1"]
[WhiteElo "2106"]
[BlackElo "2164"]
[PlyCount "88"]
[EventDate "2015.10.10"]
[EventType "rapid"]

1. e4 c5 2. Nf3 Nc6 3. d4 cxd4 4. Nxd4 Nf6 5. Nc3 e5 6. Ndb5 d6 7. Bg5 a6 8.
Na3 b5 9. Nd5 Be7 10. Bxf6 Bxf6 11. c4 Nd4 12. cxb5 Bb7 13. bxa6 Bxd5 14. exd5
Qa5+ 15. Qd2 Qxd5 16. Bb5+ Ke7 17. Kf1 Rhc8 18. Be2 Kf8 19. b3 Qc6 20. h4 Nxe2
21. Qxe2 Qxa6 22. Qxa6 Rxa6 23. Nc4 d5 24. Ne3 e4 25. Rd1 d4 26. Nc4 Rb8 27. g4
g6 28. g5 Bg7 29. Rd2 d3 30. Kg2 Bc3 31. Rdd1 Rxa2 32. Kg3 Rxb3 33. Rhf1 Rb4
34. Ne3 Bd4 35. Nd5 Rbb2 36. Kf4 Re2 37. f3 exf3 38. Rxd3 Be5+ 39. Kxf3 Rh2 40.
Nf6 Rh3+ 41. Ke4 Re2+ 42. Kd5 Rxd3+ 43. Kc4 Rd4+ 44. Kc5 Rc2+ 0-1

[Event "World Rapid 2015"]
[Site "Berlin GER"]
[Date "2015.10.12"]
[Round "14.28"]
[White "Khairullin, Ildar"]
[Black "Ragger, Markus"]
[Result "1-0"]
[WhiteElo "2652"]
[BlackElo "2698"]
[PlyCount "195"]
[EventDate "2015.10.10"]
[EventType "rapid"]

1. Nf3 d5 2. g3 g6 3. c4 dxc4 4. Na3 Bg7 5. Nxc4 Nc6 6. Bg2 e5 7. O-O Nge7 8.
d3 O-O 9. Rb1 a5 10. b3 f6 11. Bb2 Be6 12. a3 Qd7 13. Qc2 Nf5 14. Rfd1 Ra6 15.
e3 Qf7 16. Bc3 Rb8 17. b4 axb4 18. axb4 b5 19. Ncd2 Bf8 20. Ne4 Ra2 21. Rb2
Rxb2 22. Qxb2 Ra8 23. Nxf6+ Qxf6 24. Nxe5 Ra2 25. Nxc6 Qf7 26. Ne5 Rxb2 27.
Nxf7 Rc2 28. Ng5 Rxc3 29. Nxe6 Bxb4 30. Rb1 c5 31. d4 cxd4 32. Rxb4 Rc1+ 33.
Bf1 dxe3 34. fxe3 Nxe3 35. Rf4 h5 36. Rf8+ Kh7 37. Ng5+ Kg7 38. Rf7+ Kg8 39.
Rf3 Nf5 40. Rb3 h4 41. gxh4 Nxh4 42. Rxb5 Nf5 43. Rb3 Kg7 44. Ne4 Nd4 45. Rd3
Ne2+ 46. Kf2 Nf4 47. Rd7+ Kh6 48. Bb5 Rc2+ 49. Rd2 Rc8 50. Kf3 Nh5 51. Rd6 Rf8+
52. Ke3 Ng7 53. Ng3 Nf5+ 54. Nxf5+ Rxf5 55. Bd3 Rg5 56. Kf3 Rg1 57. Kf2 Rg4 58.
h3 Rg5 59. Kf3 Rg1 60. Kf4 Rg2 61. Be4 Rg1 62. Rd7 Rf1+ 63. Ke5 Rg1 64. Rd8 Kg7
65. Bf3 Rg5+ 66. Kf4 Rf5+ 67. Kg4 Rf8 68. Rd5 Rf5 69. Rd4 Rf7 70. h4 Rf6 71.
Be4 Kh6 72. Rd8 Rb6 73. Rh8+ Kg7 74. Rd8 Kh6 75. Rd7 Re6 76. Bd5 Re1 77. Bg8
Rg1+ 78. Kf3 g5 79. Rh7+ Kg6 80. h5+ Kf6 81. Kf2 Rh1 82. Kg2 Rh4 83. Kg3 Rh1
84. Bd5 Rh4 85. Bf3 Rb4 86. Ra7 g4 87. Bxg4 Kg5 88. Rg7+ Kh6 89. Rg6+ Kh7 90.
Bf5 Kh8 91. Re6 Rb8 92. Kf4 Rf8 93. Kg5 Rg8+ 94. Bg6 Rg7 95. Kf6 Rg8 96. Bf7
Ra8 97. Re7 Rb8 98. Kg6 1-0

[Event "World Rapid 2015"]
[Site "Berlin GER"]
[Date "2015.10.12"]
[Round "14.31"]
[White "Kravtsiv, Martyn"]
[Black "Moiseenko, Alexander"]
[Result "0-1"]
[WhiteElo "2621"]
[BlackElo "2692"]
[PlyCount "184"]
[EventDate "2015.10.10"]
[EventType "rapid"]

1. Nf3 Nf6 2. g3 b5 3. Bg2 Bb7 4. a4 b4 5. d4 e6 6. O-O c5 7. c3 cxd4 8. cxd4
Be7 9. Nbd2 O-O 10. a5 d5 11. Nb3 Ba6 12. Ne5 Nfd7 13. Be3 Nxe5 14. dxe5 Nc6
15. f4 Rc8 16. Kh1 Bc4 17. Nd4 Nxd4 18. Bxd4 Bc5 19. Rf2 Qc7 20. e3 b3 21. f5
exf5 22. Rxf5 Qd7 23. Rf4 Qb5 24. Qf3 Bxd4 25. exd4 Qb4 26. h4 Qd2 27. Qf2 Qxf2
28. Rxf2 Rc7 29. Rf3 Rb8 30. Rc3 Kf8 31. Kg1 Rc6 32. Kf2 Ke7 33. Ke3 Rg6 34.
Kf4 f6 35. Re1 fxe5+ 36. Rxe5+ Kd6 37. g4 Rf8+ 38. Kg3 Re6 39. Rxe6+ Kxe6 40.
Re3+ Kd6 41. g5 Rf7 42. Bh3 Kc6 43. Re5 g6 44. Bg2 a6 45. Bf3 Rb7 46. Kf4 Kd6
47. Bg4 Rf7+ 48. Ke3 Rf1 49. Re6+ Kc7 50. Kd2 Rf4 51. Be2 Rxd4+ 52. Kc3 Rxh4
53. Bxc4 Rxc4+ 54. Kxb3 Rc6 55. Re7+ Kd6 56. Rxh7 d4 57. Rb7 Ke5 58. Rd7 Ke4
59. Ka4 d3 60. b4 Ke3 61. b5 Rc4+ 62. Kb3 axb5 63. a6 d2 64. a7 Ra4 65. Re7+
Kd3 66. Rd7+ Ke2 67. Re7+ Kd1 68. Kb2 Rb4+ 69. Kc3 Ra4 70. Kb2 Ra6 71. Rd7 b4
72. Rg7 Ra3 73. Re7 Ra5 74. Rg7 Ke2 75. Re7+ Kd3 76. Rd7+ Ke3 77. Re7+ Kf4 78.
Kc2 Ra2+ 79. Kd1 Kxg5 80. Rb7 Kh5 81. Ke2 g5 82. Rxb4 Rxa7 83. Rd4 Rf7 84. Rxd2
Kg4 85. Rd3 Kh4 86. Rd1 Kh3 87. Rd3+ Kg2 88. Re3 g4 89. Re5 g3 90. Re6 Kg1 91.
Re5 g2 92. Re8 Rh7 0-1

[Event "World Rapid 2015"]
[Site "Berlin GER"]
[Date "2015.10.12"]
[Round "14.32"]
[White "Seirawan, Yasser"]
[Black "Meier, Georg"]
[Result "1/2-1/2"]
[WhiteElo "2620"]
[BlackElo "2654"]
[PlyCount "64"]
[EventDate "2015.10.10"]
[EventType "rapid"]

1. d4 Nf6 2. c4 e6 3. Nc3 Bb4 4. Qc2 O-O 5. a3 Bxc3+ 6. Qxc3 b6 7. Bg5 Bb7 8.
e3 h6 9. Bh4 d6 10. Ne2 Nbd7 11. Qc2 c5 12. Rd1 Qc8 13. Nc3 cxd4 14. Rxd4 d5
15. cxd5 Nxd5 16. Rc4 Qe8 17. Bg3 Ba6 18. Nxd5 exd5 19. Rc7 Bxf1 20. Rxf1 Nc5
21. Bd6 Qd8 22. Rc6 Qd7 23. Bxf8 Qxc6 24. Bxc5 bxc5 25. f3 Qd6 26. Kf2 d4 27.
exd4 Qxd4+ 28. Kg3 Rb8 29. Rd1 Qe5+ 30. Kh3 Qh5+ 31. Kg3 Qe5+ 32. Kh3 Qh5+
1/2-1/2

[Event "World Rapid 2015"]
[Site "Berlin GER"]
[Date "2015.10.12"]
[Round "14.33"]
[White "Sasikiran, Krishnan"]
[Black "Vallejo Pons, Francisco"]
[Result "1/2-1/2"]
[WhiteElo "2639"]
[BlackElo "2684"]
[PlyCount "119"]
[EventDate "2015.10.10"]
[EventType "rapid"]

1. Nf3 f5 2. g3 Nf6 3. Bg2 g6 4. b3 Bg7 5. Bb2 a5 6. a3 b6 7. c4 Bb7 8. O-O O-O
9. Nc3 Na6 10. d4 e6 11. Qc2 Qe7 12. Rad1 d6 13. Rfe1 Rad8 14. Ng5 Bxg2 15.
Kxg2 e5 16. e4 f4 17. Nf3 fxg3 18. fxg3 Ng4 19. Qe2 exd4 20. Nd5 Qd7 21. Bxd4
Bxd4 22. Rxd4 Qg7 23. e5 Nxe5 24. Nxe5 Rde8 25. Re4 Nc5 26. Re3 dxe5 27. b4
axb4 28. axb4 Nd7 29. Nxc7 Re7 30. Nd5 Ref7 31. Qa2 Qh6 32. R3e2 Qh5 33. Qb3
Kg7 34. Qe3 Qg4 35. Qe4 Qe6 36. Ra1 Qc6 37. Nc3 Qd6 38. Nd5 Qc6 39. Nc3 Qd6 40.
Nd5 Qc6 41. Ra7 h5 42. h4 Qe6 43. Ra1 Kh7 44. Rd1 Rf5 45. Ne3 R5f7 46. Qd5 Qe8
47. Qc6 e4 48. Red2 Ne5 49. Qxe8 Rxe8 50. Rd4 Nd3 51. Rf1 Ra7 52. Nd5 Kg7 53.
Nf6 Rf8 54. Nxe4 Rxf1 55. Kxf1 Nxb4 56. Rd6 Rf7+ 57. Kg2 Nc2 58. Rxb6 Ne3+ 59.
Kg1 Nxc4 60. Rb3 1/2-1/2

[Event "World Rapid 2015"]
[Site "Berlin GER"]
[Date "2015.10.12"]
[Round "14.34"]
[White "Swiercz, Dariusz"]
[Black "Bruzon Batista, Lazaro"]
[Result "1/2-1/2"]
[WhiteElo "2620"]
[BlackElo "2659"]
[PlyCount "97"]
[EventDate "2015.10.10"]
[EventType "rapid"]

1. d4 Nf6 2. c4 e6 3. Nf3 b6 4. g3 c6 5. Bg2 d5 6. O-O Be7 7. Qc2 O-O 8. Nbd2
Bb7 9. b3 Nbd7 10. Bb2 Rc8 11. e4 dxe4 12. Nxe4 c5 13. Nxf6+ Nxf6 14. Rad1 cxd4
15. Bxd4 Qc7 16. Ng5 h6 17. Bxf6 hxg5 18. Bxe7 Qxe7 19. Bxb7 Qxb7 20. Rd4 e5
21. Rd6 Rcd8 22. Rfd1 Qe7 23. Qd2 Rxd6 24. Qxd6 Re8 25. Qxe7 Rxe7 26. Rd8+ Kh7
27. Kf1 Kg6 28. Ke2 g4 29. Ke3 Kf5 30. Rd6 f6 31. b4 Rc7 32. Kd3 g6 33. a4 Rh7
34. c5 bxc5 35. bxc5 Rxh2 36. c6 Rh1 37. Kd2 Rh8 38. Kd3 Rh1 39. Kc4 e4 40. Kb5
Rc1 41. Rd7 Ke6 42. Rxa7 f5 43. Rg7 Kf6 44. Rd7 f4 45. gxf4 g3 46. fxg3 e3 47.
Rd6+ Kf7 48. Rd7+ Kf6 49. Rd6+ 1/2-1/2

[Event "World Rapid 2015"]
[Site "Berlin GER"]
[Date "2015.10.12"]
[Round "14.35"]
[White "Bartel, Mateusz"]
[Black "Nikolic, Predrag"]
[Result "1-0"]
[WhiteElo "2622"]
[BlackElo "2603"]
[PlyCount "51"]
[EventDate "2015.10.10"]
[EventType "rapid"]

1. e4 e6 2. d4 d5 3. Nc3 Bb4 4. e5 c5 5. Bd2 Nh6 6. a3 Bxc3 7. Bxc3 cxd4 8.
Qxd4 O-O 9. Nf3 b6 10. O-O-O Ba6 11. Bxa6 Nxa6 12. g4 Rc8 13. h3 Nc5 14. Kb1
Ne4 15. Bd2 Rc4 16. Qe3 f5 17. b3 Rc8 18. Nd4 Qd7 19. f3 Nxd2+ 20. Qxd2 Qe7 21.
Rhg1 fxg4 22. hxg4 Qxa3 23. Nxe6 Rfe8 24. Qxd5 Kh8 25. Ng5 Rc5 26. Qd3 1-0

[Event "World Rapid 2015"]
[Site "Berlin GER"]
[Date "2015.10.12"]
[Round "14.40"]
[White "Agrest, Evgenij"]
[Black "Socko, Bartosz"]
[Result "0-1"]
[WhiteElo "2596"]
[BlackElo "2599"]
[PlyCount "90"]
[EventDate "2015.10.10"]
[EventType "rapid"]

1. Nf3 Nf6 2. c4 e6 3. g3 d5 4. Bg2 dxc4 5. Qa4+ Nbd7 6. Qxc4 a6 7. Qc2 c5 8.
b3 b6 9. Bb2 Bb7 10. O-O Be7 11. d3 O-O 12. Nbd2 Rc8 13. Rac1 b5 14. Qb1 Qb6
15. Qa1 Rfd8 16. Rfd1 Bf8 17. Nf1 Nd5 18. e4 Nb4 19. a3 Nc6 20. Ne3 Na5 21. Qa2
Nb8 22. Ne5 Nbc6 23. Nf3 Rc7 24. Nc2 Rcd7 25. Bf1 Ba8 26. Bc3 h6 27. Rb1 Nb7
28. Qa1 Nd6 29. Ne3 Qb7 30. Bg2 Nc8 31. Bf1 N8e7 32. b4 cxb4 33. axb4 Nc8 34.
Ng4 Nb6 35. Bd2 h5 36. Nge5 Nxe5 37. Nxe5 Rd4 38. Be2 f6 39. Nf3 Rxd3 40. Bxd3
Rxd3 41. Be3 Rxd1+ 42. Rxd1 Qxe4 43. Kf1 Qxf3 44. Bxb6 Qh1+ 45. Ke2 Bf3+ 0-1

[Event "World Rapid 2015"]
[Site "Berlin GER"]
[Date "2015.10.12"]
[Round "14.41"]
[White "Van Wely, Loek"]
[Black "Zhang, Zhong"]
[Result "0-1"]
[WhiteElo "2632"]
[BlackElo "2619"]
[PlyCount "90"]
[EventDate "2015.10.10"]
[EventType "rapid"]

1. d4 Nf6 2. c4 e6 3. Nf3 d5 4. g3 dxc4 5. Bg2 Bd7 6. Ne5 Bc6 7. Nxc6 Nxc6 8.
e3 Qd7 9. O-O O-O-O 10. Qa4 Nd5 11. Qxc4 h5 12. Nc3 h4 13. Rd1 hxg3 14. hxg3 f5
15. Qe2 Bb4 16. Bd2 g5 17. Rac1 Be7 18. a3 Rh6 19. b4 Rdh8 20. Nxd5 exd5 21.
Qb5 Rd8 22. Rc3 a6 23. Qd3 Na7 24. Rdc1 c6 25. Rb3 Rdh8 26. a4 Kb8 27. b5 axb5
28. Rcb1 Bd6 29. axb5 Qh7 30. Kf1 Rh1+ 31. Ke2 Rxb1 32. Rxb1 Nxb5 33. Bxd5 Re8
34. Bg2 Qf7 35. d5 f4 36. dxc6 fxg3 37. fxg3 Qh5+ 38. Bf3 g4 39. Bd5 Qh2+ 40.
Kd1 Qg1+ 41. Be1 Rxe3 42. Qd2 Nc3+ 43. Kc2 Nxb1 44. Bf2 Na3+ 45. Kb2 Qb1# 0-1

[Event "World Rapid 2015"]
[Site "Berlin GER"]
[Date "2015.10.12"]
[Round "14.42"]
[White "Duda, Jan-Krzysztof"]
[Black "Ganguly, Surya Shekhar"]
[Result "1/2-1/2"]
[WhiteElo "2658"]
[BlackElo "2652"]
[PlyCount "201"]
[EventDate "2015.10.10"]
[EventType "rapid"]

1. d4 Nf6 2. c4 e6 3. Nc3 Bb4 4. e3 O-O 5. Bd3 d5 6. cxd5 exd5 7. Nge2 c5 8. a3
Bxc3+ 9. bxc3 b6 10. O-O Ba6 11. dxc5 bxc5 12. Bxa6 Nxa6 13. c4 dxc4 14. Qa4
Qb6 15. Qxc4 Rfd8 16. Ra2 Rac8 17. Rc2 Qe6 18. Qxe6 fxe6 19. Bb2 Nd5 20. Rfc1
Nb6 21. Kf1 Kf7 22. Ke1 g6 23. Ng3 c4 24. Ne4 Nc5 25. Nxc5 Rxc5 26. Bd4 Ra5 27.
Bxb6 axb6 28. Rxc4 Rxa3 29. Rc7+ Kf6 30. Rxh7 Ra2 31. Rcc7 Rdd2 32. Rhf7+ Ke5
33. g4 b5 34. h4 b4 35. Rb7 Rdc2 36. Kf1 Rc4 37. Rf4 Rxf4 38. Rb5+ Kd6 39. exf4
Ra4 40. h5 gxh5 41. gxh5 Ke7 42. Kg2 Kf6 43. Kg3 Ra3+ 44. Kg4 Rb3 45. Rb6 Rb2
46. f5 Rxf2 47. Rxe6+ Kf7 48. Rb6 Rg2+ 49. Kf4 Rf2+ 50. Kg5 Rg2+ 51. Kh4 Rh2+
52. Kg4 Rg2+ 53. Kf3 Rg5 54. Kf4 Rxh5 55. Rb7+ Kf6 56. Rb6+ Kf7 57. Ke5 Rh1 58.
Rb7+ Kf8 59. Ke6 Re1+ 60. Kf6 Kg8 61. Rb8+ Kh7 62. Rb7+ Kg8 63. Rb8+ Kh7 64.
Rxb4 Ra1 65. Rb7+ Kg8 66. Rb8+ Kh7 67. Re8 Ra6+ 68. Kf7 Ra5 69. f6 Ra7+ 70. Ke6
Ra6+ 71. Kf5 Ra5+ 72. Ke6 Ra6+ 73. Kf7 Ra7+ 74. Re7 Ra8 75. Rb7 Kh6 76. Rd7 Kh7
77. Rb7 Kh6 78. Ke6 Kg6 79. Rg7+ Kh6 80. Rd7 Kg6 81. Ke7 Kh7 82. Rd8 Ra7+ 83.
Rd7 Ra8 84. Rd6 Kg6 85. Rd7 Kh7 86. Kf7 Kh6 87. Rb7 Kh7 88. Re7 Kh6 89. Re1
Ra7+ 90. Kg8 Ra8+ 91. Kf7 Ra7+ 92. Ke6 Ra6+ 93. Kf5 Ra5+ 94. Re5 Ra8 95. Rd5
Kh7 96. Rd7+ Kh6 97. Rd1 Kh7 98. Rh1+ Kg8 99. Kg6 Ra7 100. Rb1 Rg7+ 101. fxg7
1/2-1/2

[Event "World Rapid 2015"]
[Site "Berlin GER"]
[Date "2015.10.12"]
[Round "14.43"]
[White "Belov, Vladimir"]
[Black "Al-Sayed, Mohammed"]
[Result "1-0"]
[WhiteElo "2614"]
[BlackElo "2520"]
[PlyCount "63"]
[EventDate "2015.10.10"]
[EventType "rapid"]

1. e4 c5 2. Nf3 d6 3. c3 Nf6 4. Be2 Nbd7 5. d3 e6 6. O-O Be7 7. Nbd2 O-O 8. d4
cxd4 9. cxd4 b6 10. Bd3 Bb7 11. Re1 Rc8 12. Nf1 e5 13. Ng3 exd4 14. Nxd4 g6 15.
Bh6 Re8 16. h3 a6 17. Qd2 Nc5 18. Bc2 d5 19. e5 Nfe4 20. Qe3 Nxg3 21. Qxg3 Ne4
22. Bxe4 dxe4 23. Rad1 e3 24. Bxe3 Bh4 25. Qf4 Rc4 26. b3 Qd5 27. f3 Bxe1 28.
bxc4 Qa5 29. e6 fxe6 30. Qc7 Bc3 31. Qxb7 Rd8 32. Qe7 1-0

[Event "World Rapid 2015"]
[Site "Berlin GER"]
[Date "2015.10.12"]
[Round "14.44"]
[White "Bluebaum, Matthias"]
[Black "Grigoriants, Sergey"]
[Result "1/2-1/2"]
[WhiteElo "2588"]
[BlackElo "2603"]
[PlyCount "104"]
[EventDate "2015.10.10"]
[EventType "rapid"]

1. d4 Nf6 2. c4 e6 3. g3 d5 4. Bg2 Bb4+ 5. Nd2 O-O 6. Ngf3 b6 7. O-O Bb7 8. a3
Be7 9. cxd5 exd5 10. b4 c6 11. Ne5 Nbd7 12. Bb2 Re8 13. Rc1 c5 14. bxc5 bxc5
15. Nxd7 Nxd7 16. dxc5 Nxc5 17. Nb3 Ne4 18. f3 Bf6 19. Bxf6 Nxf6 20. Nd4 Qa5
21. Qb3 Ba6 22. Rfe1 h6 23. Qb4 Qd8 24. Bh3 Nh7 25. Rc6 Ng5 26. Bg2 Bc4 27. e4
Rc8 28. h4 Rxc6 29. Nxc6 Qc7 30. hxg5 Qxc6 31. gxh6 Qxh6 32. f4 Qb6+ 33. Qxb6
axb6 34. Rc1 b5 35. exd5 Rd8 36. a4 Kf8 37. axb5 Bxb5 38. Re1 Rd7 39. Kf2 Bc4
40. Rd1 Ke7 41. Ke3 Kd6 42. Kd4 Bb5 43. Rb1 Rb7 44. Ra1 Rb6 45. Ra7 Bd7 46. Kc4
f6 47. Be4 g5 48. Bc2 gxf4 49. gxf4 Bb5+ 50. Kd4 Bd7 51. Kc4 Bb5+ 52. Kd4 Bd7
1/2-1/2

[Event "World Rapid 2015"]
[Site "Berlin GER"]
[Date "2015.10.12"]
[Round "14.45"]
[White "Bezold, Michael"]
[Black "Bindrich, Falko"]
[Result "0-1"]
[WhiteElo "2509"]
[BlackElo "2594"]
[PlyCount "96"]
[EventDate "2015.10.10"]
[EventType "rapid"]

1. c4 e6 2. Nf3 d5 3. g3 Nf6 4. Bg2 dxc4 5. Qa4+ Bd7 6. Qxc4 c5 7. Ne5 Qc8 8.
O-O Nc6 9. Nxd7 Qxd7 10. Nc3 Rc8 11. Qa4 b6 12. d3 Be7 13. Bd2 O-O 14. Rfd1
Rfd8 15. Be1 Qb7 16. Rac1 a6 17. a3 b5 18. Qc2 Qb6 19. e3 Ne5 20. Ne4 Nd5 21.
d4 Nc4 22. dxc5 Qc7 23. Qb1 Qe5 24. b4 Nxa3 25. Qa2 Nc4 26. Qxa6 Rb8 27. Qa1
Qxa1 28. Rxa1 f5 29. Nc3 Nxb4 30. Rxd8+ Bxd8 31. Bf1 Nc2 32. Rc1 Nxe1 33. Rxe1
Ne5 34. Rb1 b4 35. Nb5 Nc6 36. Bc4 Kf7 37. Rd1 Ne5 38. Be2 Be7 39. f4 Nc6 40.
Rd7 b3 41. Nd6+ Kf6 42. Nb7 Nb4 43. Bf3 Nd5 44. Bd1 b2 45. Bc2 Rc8 46. Bd3 Bxc5
47. Nxc5 Rxc5 48. Rb7 Rc3 0-1

[Event "World Rapid 2015"]
[Site "Berlin GER"]
[Date "2015.10.12"]
[Round "14.46"]
[White "Hirneise, Tobias"]
[Black "Ghaem Maghami, Ehsan"]
[Result "0-1"]
[WhiteElo "2457"]
[BlackElo "2596"]
[PlyCount "88"]
[EventDate "2015.10.10"]
[EventType "rapid"]

1. Nf3 c5 2. c4 Nc6 3. Nc3 g6 4. e3 d6 5. d4 Bg7 6. Be2 cxd4 7. exd4 Bg4 8. Be3
Nh6 9. d5 Bxf3 10. Bxf3 Ne5 11. Be2 Nf5 12. Bd2 O-O 13. O-O Rc8 14. b3 a6 15.
Rc1 e6 16. Re1 Re8 17. Bf1 Nd7 18. dxe6 fxe6 19. Ne4 Nc5 20. Nxc5 dxc5 21. Bf4
Qf6 22. g3 Rcd8 23. Qg4 h5 24. Qg5 Qf7 25. Be5 Bh6 26. Qf6 Qxf6 27. Bxf6 Bxc1
28. Rxc1 Rd2 29. Bg2 b6 30. a3 Nd4 31. Rb1 Rf8 32. Bg5 Rdxf2 33. b4 Rc2 34.
bxc5 bxc5 35. Be7 Rff2 36. Be4 Nf3+ 37. Bxf3 Rxf3 38. Bxc5 Rxc4 39. Bd6 e5 40.
Rb8+ Kh7 41. Bxe5 g5 42. Rb7+ Kg6 43. Rb6+ Kf5 44. Bb2 Kg4 0-1

[Event "World Rapid 2015"]
[Site "Berlin GER"]
[Date "2015.10.12"]
[Round "14.48"]
[White "Alekseev, Evgeny"]
[Black "Godena, Michele"]
[Result "1-0"]
[WhiteElo "2642"]
[BlackElo "2513"]
[PlyCount "97"]
[EventDate "2015.10.10"]
[EventType "rapid"]

1. e4 e5 2. Nf3 Nc6 3. Bb5 a6 4. Ba4 Nf6 5. d3 b5 6. Bb3 Bc5 7. c3 d6 8. Bg5 h6
9. Bh4 Bb6 10. Nbd2 Rb8 11. Nf1 Na5 12. Bc2 Be6 13. Ne3 g5 14. Bg3 Nh5 15. d4
Nxg3 16. hxg3 Qf6 17. d5 Bd7 18. b3 h5 19. Qe2 Ke7 20. O-O-O Rbg8 21. Nf5+ Kd8
22. Nd2 g4 23. Kb1 Kc8 24. b4 Nb7 25. a4 Kb8 26. axb5 axb5 27. Bd3 Bxf5 28.
exf5 e4 29. Nxe4 Qxf5 30. Bxb5 Re8 31. Bxe8 Rxe8 32. f3 Qg6 33. Qc2 f5 34. Nd2
Nd8 35. Nc4 gxf3 36. gxf3 Qxg3 37. Rxh5 Qxf3 38. Rxf5 Qg4 39. Nxb6 cxb6 40. Rf2
Nb7 41. Kb2 Rc8 42. Qd3 Nd8 43. Ra1 Qh4 44. Qe3 Nb7 45. Qxb6 Qc4 46. Qa7+ Kc7
47. Rf7+ Kd8 48. Qe3 Qh4 49. Re1 1-0